| 000 | 00000nam 2200000za 4500 |
| 001 | 9.687133 |
| 003 | CaOODSP |
| 005 | 20210624230836 |
| 007 | cr ||||||||||| |
| 008 | 150407s2004 onc|||||o f|0| 0 eng d |
| 020 | |a0-662-38118-1 |
| 040 | |aCaOODSP|beng |
| 043 | |an-cn--- |
| 086 | 1 |aJU11-4/2004E-PDF |
| 110 | 2 |aCanadian Judicial Council. |
| 245 | 10|aEthical principles for judges |h[electronic resource]. |
| 260 | |aOttawa : |bCanadian Judicial Council, |c2004. |
| 300 | |a60 p. |
| 590 | |a07-06-Supp|b2007-11-30 |
| 690 | 07|aJudges|2gcpds |
| 690 | 07|aEthics|2gcpds |
| 775 | 08|tPrincipes de déontologie judiciaire |w(CaOODSP)9.631594 |
| 795 | |tEthical principles for judges |w(CaOODSP)9.695440 |
| 856 | 40|ahttp://publications.gc.ca|qPDF|s251 KB|uhttps://publications.gc.ca/collections/collection_2007/cjc-ccm/JU11-4-2004E.pdf |